[Event "49th Bosna it"]
[Site "Sarajevo BIH"]
[Date "2019.04.28"]
[Round "2.17"]
[White "Sutkovic, Damir"]
[Black "Strinic, Halid"]
[Result "1/2-1/2"]
[WhiteElo "2350"]
[BlackElo "2124"]
[EventDate "2019.04.27"]
[PlyCount "121"]

1.d4 Nf6 2.c4 c6 3.Nf3 d5 4.Nc3 a6 5.c5 Bf5 6.Qb3 Qc8 7.h3 h6 8.Bf4 Nbd7 
9.e3 e6 10.Be2 Be7 11.O-O O-O 12.Qd1 Re8 13.b4 Bd8 14.a4 Bc7 15.b5 e5 16.
dxe5 Nxe5 17.Nxe5 Bxe5 18.Bxe5 Rxe5 19.Qd4 Nd7 20.bxa6 bxa6 21.a5 Qf8 22.
Na4 Re4 23.Qc3 Rb8 24.Bd3 Rxa4 25.Rxa4 Bxd3 26.Qxd3 Nxc5 27.Qd4 Nxa4 28.
Qxa4 Rb5 29.Rc1 Qb8 30.e4 Qf4 31.Qc2 Rxa5 32.exd5 cxd5 33.Re1 f5 34.g4 d4 
35.Re8+ Kh7 36.Qc4 Re5 37.Rxe5 Qxe5 38.Qxa6 fxg4 39.Qd3+ g6 40.hxg4 Kg7 
41.Kg2 Qd5+ 42.Kg3 Qd6+ 43.Kf3 Qf6+ 44.Kg3 Qe5+ 45.Kg2 Qf4 46.f3 h5 47.
gxh5 gxh5 48.Qb5 Kh6 49.Qb6+ Kg5 50.Qd8+ Qf6 51.Qd5+ Qf5 52.Qd8+ Qf6 53.
Qd5+ Kh6 54.Kh3 Kg6 55.Qg8+ Kf5 56.Qd5+ Kf4 57.Qe4+ Kg5 58.Kg3 Kh6 59.Kh3 
Qd6 60.Qd3 Qe5 61.Kh4 1/2-1/2

[Event "49th Bosna it"]
[Site "Sarajevo BIH"]
[Date "2019.04.28"]
[Round "2.18"]
[White "Peric, Bernard"]
[Black "Bistric, Faruk"]
[Result "0-1"]
[WhiteElo "2128"]
[BlackElo "2347"]
[EventDate "2019.04.27"]
[PlyCount "72"]

1.Nf3 e6 2.g3 b5 3.Bg2 Bb7 4.O-O Nf6 5.d3 d5 6.a4 b4 7.Nbd2 Be7 8.b3 O-O 
9.Bb2 Nbd7 10.c4 Re8 11.d4 c5 12.cxd5 Bxd5 13.Rc1 Rc8 14.Nc4 cxd4 15.Bxd4 
Nc5 16.Bxc5 Bxc5 17.Nfe5 Ne4 18.Qc2 Nc3 19.e4 Bb7 20.Nd3 Ba6 21.e5 Bxc4 
22.bxc4 Qd4 23.Rfe1 Red8 24.Nf4 Qd2 25.Ne2 Rd3 26.Nxc3 Bxf2+ 27.Kf1 Bxe1 
28.Ne4 Qxc2 29.Rxc2 b3 30.Rb2 Rxc4 31.Rb1 Bb4 32.Ke2 Rcd4 33.Bf3 Ba3 34.
Nf2 Rd2+ 35.Ke3 b2 36.Be4 Bc5 0-1

[Event "49th Bosna it"]
[Site "Sarajevo BIH"]
[Date "2019.04.28"]
[Round "2.19"]
[White "Buljubasic, Sabahudin"]
[Black "Miftari, Hedon"]
[Result "1/2-1/2"]
[WhiteElo "2347"]
[BlackElo "1621"]
[EventDate "2019.04.27"]
[PlyCount "64"]

1.e4 c5 2.Nf3 Nc6 3.Nc3 e5 4.Bc4 Be7 5.d3 Nf6 6.a3 O-O 7.Be3 d6 8.h3 Be6 
9.Nd5 Bxd5 10.exd5 Nd4 11.Nh2 Nf5 12.Bd2 a6 13.O-O Nd7 14.f4 Ng3 15.Re1 
Bh4 16.Nf3 Nf5 17.Rf1 Ng3 18.Rf2 b5 19.Ba2 e4 20.Nxh4 Qxh4 21.Qg4 Qxg4 22.
hxg4 exd3 23.cxd3 Rfe8 24.Kh2 Ne2 25.g5 f6 26.gxf6 Nxf6 27.Kh3 h5 28.Bb3 
Ng4 29.Rff1 Ne3 30.Rf2 Ng4 31.Rff1 Ne3 32.Rf2 Ng4 1/2-1/2

[Event "49th Bosna it"]
[Site "Sarajevo BIH"]
[Date "2019.04.28"]
[Round "2.20"]
[White "Maksimovic, Masa"]
[Black "Bilic, Vladimir"]
[Result "0-1"]
[WhiteElo "2107"]
[BlackElo "2343"]
[EventDate "2019.04.27"]
[PlyCount "100"]

1.e4 c6 2.d4 d5 3.Nc3 dxe4 4.Nxe4 Nd7 5.Nf3 Ndf6 6.Nxf6+ Nxf6 7.Qd3 g6 8.
Bf4 Bg7 9.O-O-O O-O 10.Ne5 a5 11.Qd2 Be6 12.Kb1 Qb6 13.Nc4 Qa7 14.f3 b5 
15.Ne5 Qb6 16.Bh6 Rfd8 17.Bxg7 Kxg7 18.Be2 c5 19.Qd3 Bc4 20.Nxc4 bxc4 21.
Qa3 Qe6 22.Rhe1 Rxd4 23.Rc1 Qd6 24.g3 e6 25.Rcd1 Qc6 26.c3 Rxd1+ 27.Bxd1 
a4 28.Be2 Qb5 29.Rd1 Nd5 30.Rd2 Ra7 31.Kc1 Rc7 32.Bd1 Nb6 33.h4 Qc6 34.b3 
axb3 35.axb3 cxb3 36.Qxb3 c4 37.Qa3 Nd5 38.Rb2 Rc8 39.Rb1 Ra8 40.Qb2 Qc5 
41.Qd2 Ra3 42.Qd4+ Qxd4 43.cxd4 Nc3 44.Rb4 Nxd1 45.Kxd1 Rxf3 46.Rxc4 Rxg3 
47.Ke2 h5 48.d5 exd5 49.Rd4 Rg4 50.Rxd5 Rxh4 0-1

[Event "49th Bosna it"]
[Site "Sarajevo BIH"]
[Date "2019.04.28"]
[Round "2.21"]
[White "Medic, Nevenko"]
[Black "Nestorovic, Nikola"]
[Result "0-1"]
[WhiteElo "1983"]
[BlackElo "2473"]
[EventDate "2019.04.27"]
[PlyCount "104"]

1.d4 Nf6 2.c4 e6 3.Nf3 a6 4.Nc3 d5 5.e3 dxc4 6.Bxc4 b5 7.Bd3 Bb7 8.O-O 
Nbd7 9.Qe2 c5 10.Rd1 Qc7 11.Bd2 g5 12.Rac1 g4 13.Ne1 Bd6 14.dxc5 Bxh2+ 15.
Kf1 Qe5 16.e4 Nxc5 17.Nd5 exd5 18.Rxc5 Qh5 19.Qe3 Be5 20.Bc3 Bxc3 21.bxc3 
O-O 22.Kg1 Rfe8 23.Qf4 Qe5 24.Qxe5 Rxe5 25.f4 Re7 26.exd5 Nxd5 27.g3 Re3 
28.Ng2 Re7 29.Re1 Rxe1+ 30.Nxe1 Rc8 31.Rxc8+ Bxc8 32.c4 Nb4 33.cxb5 Nxd3 
34.Nxd3 axb5 35.Kf2 h5 36.Ne1 Bb7 37.Nc2 Bd5 38.Nb4 Bc4 39.a3 Kg7 40.Ke3 
Kf6 41.Nc6 Ke6 42.Nd4+ Kd5 43.Nf5 Ba2 44.Ng7 Kc4 45.Nxh5 Kb3 46.Nf6 Kxa3 
47.Nxg4 Be6 48.Ne5 b4 49.Kd2 b3 50.Nd3 b2 51.Nxb2 Kxb2 52.Kd3 Bg4 0-1

[Event "49th Bosna it"]
[Site "Sarajevo BIH"]
[Date "2019.04.28"]
[Round "2.22"]
[White "Muratovic, Efim"]
[Black "Kajevic, Dzevad"]
[Result "1-0"]
[WhiteElo "2400"]
[BlackElo "1925"]
[EventDate "2019.04.27"]
[PlyCount "98"]

1.Nf3 Nc6 2.d4 d5 3.Bf4 e6 4.e3 Nf6 5.Nbd2 Bd6 6.Bg5 h6 7.Bh4 g5 8.Bg3 
Bxg3 9.hxg3 Ne4 10.Bb5 Bd7 11.Nxe4 dxe4 12.Bxc6 Bxc6 13.Ne5 Qe7 14.Qe2 
Qb4+ 15.c3 Qb5 16.c4 Qb4+ 17.Kf1 Bd7 18.Qc2 f5 19.a3 Qd6 20.Rd1 Rh7 21.b4 
O-O-O 22.Qb3 Be8 23.Ke1 Qf8 24.b5 f4 25.Qa4 Kb8 26.Rb1 Ka8 27.Qa5 Qd6 28.
Qb4 Qxb4+ 29.axb4 fxe3 30.fxe3 h5 31.Kd2 c6 32.bxc6 Bxc6 33.b5 Bd7 34.Rbf1
Bc8 35.Rf6 Rg8 36.Kc3 Kb8 37.c5 Kc7 38.Rf7+ Rxf7 39.Nxf7 Rg7 40.Nd6 Bd7 
41.Rxh5 b6 42.Kc4 e5 43.Nxe4 Bg4 44.Rh6 Be2+ 45.Kb4 bxc5+ 46.dxc5 Bf1 47.
Nf6 Rf7 48.Nd5+ Kc8 49.c6 Rf8 1-0

[Event "49th Bosna it"]
[Site "Sarajevo BIH"]
[Date "2019.04.28"]
[Round "2.23"]
[White "Pestek, Elvis"]
[Black "Klasan, Vladimir"]
[Result "0-1"]
[WhiteElo "1995"]
[BlackElo "2366"]
[EventDate "2019.04.27"]
[PlyCount "31"]

1.e4 c5 2.Nf3 Nc6 3.d4 cxd4 4.Nxd4 Nf6 5.Nc3 d6 6.Be2 e5 7.Nb3 Be7 8.Be3 
O-O 9.Qd2 Be6 10.O-O-O a5 11.Qe1 Qc8 12.a4 Nb4 13.f3 d5 14.exd5 Nfxd5 15.
Bd2 Nxc2 16.Kxc2 0-1

[Event "49th Bosna it"]
[Site "Sarajevo BIH"]
[Date "2019.04.28"]
[Round "2.24"]
[White "Pastar, Slaven"]
[Black "Korjenic, Esef"]
[Result "1-0"]
[WhiteElo "2295"]
[BlackElo "1922"]
[EventDate "2019.04.27"]
[PlyCount "108"]

1.e4 c5 2.Nc3 Nc6 3.f4 d6 4.Nf3 Bg4 5.Bb5 e6 6.Bxc6+ bxc6 7.d3 d5 8.O-O 
Nf6 9.h3 Bxf3 10.Qxf3 Be7 11.e5 Nd7 12.Qg3 O-O 13.f5 Bh4 14.Qf4 exf5 15.
Qxf5 Qe7 16.Bf4 Rae8 17.g3 g5 18.gxh4 gxf4 19.Rxf4 Nxe5 20.Raf1 Qe6 21.Na4
Qxf5 22.Rxf5 Nd7 23.c4 dxc4 24.dxc4 Ne5 25.Nxc5 Re7 26.R1f4 Rd8 27.Ne4 h6 
28.c5 Rd3 29.Kg2 Kg7 30.Nd6 Rd2+ 31.Rf2 Rxf2+ 32.Rxf2 Re6 33.h5 Kg8 34.b4 
Kg7 35.Kg3 f6 36.Re2 Kh7 37.Re3 Re7 38.Kf4 Rd7 39.Kf5 Kg7 40.Ne8+ Kf7 41.
Nxf6 Nc4 42.Re4 Rd3 43.Rxc4 Rf3+ 44.Rf4 Rxf4+ 45.Kxf4 Kxf6 46.a4 a6 47.Ke4
Ke6 48.Kd4 Kf5 49.Kc4 Ke6 50.b5 axb5+ 51.axb5 cxb5+ 52.Kxb5 Kd7 53.Kb6 Kc8
54.Kc6 Kd8 1-0

[Event "49th Bosna it"]
[Site "Sarajevo BIH"]
[Date "2019.04.28"]
[Round "2.25"]
[White "Maksimovic, Bojan"]
[Black "Pleh, Semir"]
[Result "1-0"]
[WhiteElo "2288"]
[BlackElo "1829"]
[EventDate "2019.04.27"]
[PlyCount "107"]

1.e4 c5 2.Nf3 Nc6 3.d4 cxd4 4.Nxd4 Nf6 5.Nc3 a6 6.Nxc6 bxc6 7.e5 Ng8 8.Qf3
e6 9.Bd3 Ne7 10.O-O Ng6 11.Re1 Bb4 12.Bd2 O-O 13.Bxg6 fxg6 14.Qg3 Be7 15.
Ne4 a5 16.Bg5 Bxg5 17.Nxg5 Qb6 18.b3 a4 19.Ne4 Ra5 20.Rad1 axb3 21.axb3 
Ra2 22.c4 Rb2 23.Rb1 Qd4 24.Rxb2 Qxb2 25.Nc5 Qd2 26.Qe3 Qb4 27.Rd1 Qa3 28.
h3 Qb2 29.g4 Rf7 30.Kg2 g5 31.Rd2 Qa1 32.Qxg5 Qa7 33.Qe3 h6 34.Ne4 Qa8 35.
Kh2 c5 36.Nxc5 Rf3 37.Qe4 Qa5 38.Qxf3 Qxd2 39.Qe3 Qd1 40.Kg2 Qa1 41.b4 
Qa8+ 42.Kh2 Qa2 43.Qd4 Qa7 44.Nxe6 Qb8 45.Qd6 Qxd6 46.exd6 dxe6 47.b5 Kf8 
48.c5 Ke8 49.c6 Bd7 50.Kg3 e5 51.cxd7+ Kxd7 52.Kf3 Kxd6 53.Ke4 g6 54.b6 
1-0

[Event "49th Bosna it"]
[Site "Sarajevo BIH"]
[Date "2019.04.28"]
[Round "2.26"]
[White "Sajin, Mladen"]
[Black "Vajic, Goran"]
[Result "0-1"]
[WhiteElo "1790"]
[BlackElo "2280"]
[EventDate "2019.04.27"]
[PlyCount "72"]

1.e4 c5 2.Nf3 g6 3.d4 cxd4 4.Qxd4 Nf6 5.Bb5 Bg7 6.e5 Ng8 7.Nc3 Nc6 8.Qd5 
Qc7 9.Bf4 e6 10.Qc5 b6 11.Qe3 Nge7 12.O-O-O a6 13.Bxc6 dxc6 14.Ne4 O-O 15.
Nf6+ Kh8 16.Ng5 Nd5 17.Qh3 Nxf6 18.Rd4 Nh5 19.Re1 h6 20.g4 Nxf4 21.Rxf4 
Kg8 22.Nf3 c5 23.g5 h5 24.Rf6 Bb7 25.Nh4 Rad8 26.Nxg6 fxg6 27.Rxg6 Qd7 28.
b3 Qd2+ 29.Kb2 Qxe1 30.Qxe6+ Rf7 31.Rxg7+ Kxg7 32.Qh6+ Kg8 33.Qg6+ Kf8 34.
f4 Qe4 35.Qh6+ Ke7 36.Qxh5 Rd2 0-1

[Event "49th Bosna it"]
[Site "Sarajevo BIH"]
[Date "2019.04.28"]
[Round "2.27"]
[White "Kontic, Djordjije"]
[Black "Manic, Mujo"]
[Result "1-0"]
[WhiteElo "2267"]
[BlackElo "1754"]
[EventDate "2019.04.27"]
[PlyCount "21"]

1.e4 c5 2.Nc3 d6 3.Nge2 g6 4.d4 cxd4 5.Nxd4 a6 6.Be3 Bg7 7.Qd2 Nc6 8.Be2 
Bd7 9.Nd5 Rc8 10.Nf5 Be6 11.Nxg7+ 1-0

[Event "49th Bosna it"]
[Site "Sarajevo BIH"]
[Date "2019.04.28"]
[Round "2.28"]
[White "Jurisic, Iskra"]
[Black "Terzic, Ilijas"]
[Result "1/2-1/2"]
[WhiteElo "1748"]
[BlackElo "2104"]
[EventDate "2019.04.27"]
[PlyCount "53"]

1.d4 Nf6 2.Nf3 e6 3.Bf4 b6 4.e3 Bb7 5.Nbd2 Be7 6.h3 Ne4 7.Nxe4 Bxe4 8.Bd3 
d5 9.c3 O-O 10.O-O c5 11.Bxe4 dxe4 12.Nd2 f5 13.Qb3 Qd5 14.c4 Qd7 15.d5 
Rd8 16.Rad1 exd5 17.cxd5 Qxd5 18.Nc4 Qe6 19.Rxd8+ Bxd8 20.Rd1 Be7 21.Bd6 
Nc6 22.Bxe7 Nxe7 23.Rd6 Qf7 24.Rd7 Kf8 25.Qc3 Qe6 26.Rd6 Qf7 27.Rd7 
1/2-1/2

[Event "49th Bosna it"]
[Site "Sarajevo BIH"]
[Date "2019.04.28"]
[Round "2.30"]
[White "Rozic, Slaven"]
[Black "Savanovic, Maksim"]
[Result "1-0"]
[WhiteElo "2088"]
[BlackElo "1846"]
[EventDate "2019.04.27"]
[PlyCount "73"]

1.d4 d5 2.c4 c6 3.Nc3 Nf6 4.e3 g6 5.Nf3 Bg7 6.Bd3 O-O 7.O-O dxc4 8.Bxc4 
Bg4 9.h3 Bxf3 10.Qxf3 Nbd7 11.Rd1 e5 12.d5 e4 13.Nxe4 Nxe4 14.Qxe4 Nb6 15.
Bb3 cxd5 16.Qb4 Qc7 17.a4 Rad8 18.Bd2 d4 19.e4 Rfe8 20.Bg5 Rc8 21.a5 Nd7 
22.Rac1 Qe5 23.Rxc8 Rxc8 24.Qxb7 Rc7 25.Qd5 Qxd5 26.Bxd5 h6 27.Rc1 Rxc1+ 
28.Bxc1 Kf8 29.Kf1 Ke7 30.f4 Nf6 31.Bb7 Nd7 32.b4 Kd6 33.e5+ Kc7 34.Bd5 f6
35.e6 Nb8 36.f5 gxf5 37.Bf4+ 1-0

[Event "49th Bosna it"]
[Site "Sarajevo BIH"]
[Date "2019.04.28"]
[Round "2.31"]
[White "Stanivukovic, Drago"]
[Black "Kanyamarala, Tarun"]
[Result "0-1"]
[WhiteElo "1848"]
[BlackElo "2070"]
[EventDate "2019.04.27"]
[PlyCount "112"]

1.d4 Nf6 2.c4 e6 3.Nc3 Bb4 4.Bd2 d5 5.e3 O-O 6.Nf3 b6 7.cxd5 exd5 8.Bd3 
Ba6 9.Bxa6 Nxa6 10.Qa4 Qc8 11.O-O Qb7 12.Ne5 c5 13.f3 Rac8 14.a3 Ba5 15.g4
cxd4 16.exd4 Bxc3 17.bxc3 Ne8 18.Rab1 Nd6 19.Qb3 f6 20.Nd3 Nc4 21.Bf4 g5 
22.Bc1 Rfe8 23.Qd1 Qe7 24.Re1 Qd6 25.f4 Rxe1+ 26.Qxe1 h6 27.h4 Qd7 28.Qg3 
Nd6 29.Nf2 Re8 30.fxg5 hxg5 31.Qd3 Qh7 32.Qxh7+ Kxh7 33.hxg5 Re1+ 34.Kg2 
fxg5 35.Nd3 Re2+ 36.Kf3 Rh2 37.Bxg5 Rh3+ 38.Ke2 Ne4 39.Rc1 Nxg5 40.Nf4 
Rh2+ 41.Kd3 Nc7 42.Re1 Nh3 43.Re7+ Kg8 44.Ke3 Nxf4 45.Kxf4 Rf2+ 46.Ke3 Rf7
47.Re5 b5 48.g5 Kg7 49.Kd3 a5 50.a4 bxa4 51.c4 a3 52.Kc2 Rf1 53.Kb3 Rf3+ 
54.Ka2 Na6 55.Re7+ Kf8 56.Rb7 Nb4+ 0-1

[Event "49th Bosna it"]
[Site "Sarajevo BIH"]
[Date "2019.04.28"]
[Round "2.32"]
[White "Lapo, Safet"]
[Black "Jovovic, Milan"]
[Result "0-1"]
[WhiteElo "1770"]
[BlackElo "2065"]
[EventDate "2019.04.27"]
[PlyCount "114"]

1.d4 Nf6 2.Nf3 b6 3.g3 Bb7 4.Bg2 e6 5.O-O Be7 6.Nc3 O-O 7.Bg5 h6 8.Bxf6 
Bxf6 9.e4 d6 10.Re1 Nd7 11.a4 e5 12.d5 g6 13.a5 Bg7 14.a6 Bc8 15.b4 Nb8 
16.Qd3 f5 17.Nd2 Kh8 18.Ra3 Qf6 19.f3 h5 20.b5 Bh6 21.Nf1 Nd7 22.Na4 Qf7 
23.Rc3 fxe4 24.Qc4 exf3 25.Rxf3 Nf6 26.Nc3 Bf5 27.Ne3 Bxe3+ 28.Rfxe3 Qd7 
29.Qh4 Kg7 30.Rf1 Bxc2 31.Bh3 Ng4 32.Ref3 Bf5 33.Qg5 Rae8 34.Bg2 e4 35.Rf4
Ne3 36.Rxf5 Nxf5 37.Bxe4 Re5 38.Qd2 Rfe8 39.Qd3 Qe7 40.Rf4 Qg5 41.Kg2 h4 
42.Ne2 hxg3 43.hxg3 Ne7 44.Qf3 Nf5 45.Qc3 Re7 46.Ng1 Qxg3+ 47.Qxg3 Nxg3 
48.Bf3 Nf5 49.Kf2 g5 50.Rc4 Rf7 51.Rg4 Ne3 52.Kg3 Nxg4 53.Kxg4 Rf4+ 54.Kg3
Re3 55.Kf2 Rb3 56.Ke2 Rf6 57.Bh5 g4 0-1

[Event "49th Bosna it"]
[Site "Sarajevo BIH"]
[Date "2019.04.28"]
[Round "2.33"]
[White "Kanyamarala, Trisha"]
[Black "Camdzija, Samir"]
[Result "1-0"]
[WhiteElo "2028"]
[BlackElo "1788"]
[EventDate "2019.04.27"]
[PlyCount "83"]

1.d4 Nf6 2.Nf3 d5 3.c4 dxc4 4.Nc3 g6 5.e3 Bg7 6.Bxc4 O-O 7.O-O a6 8.a4 Nc6
9.h3 Bf5 10.Qe2 Ne4 11.Nh4 e6 12.Nf3 Nb4 13.g4 Nxc3 14.bxc3 Bxg4 15.hxg4 
Nd5 16.e4 Nxc3 17.Qd3 b5 18.Qxc3 bxc4 19.Qxc4 c5 20.Qxc5 Rc8 21.Qb4 a5 22.
Qd2 Rc4 23.Qe2 Qc7 24.Ba3 Rc8 25.e5 Qc6 26.Bc5 Rxa4 27.Rxa4 Qxa4 28.Qa6 
Rxc5 29.Qa8+ Bf8 30.dxc5 Qxg4+ 31.Kh1 Qh5+ 32.Nh2 Qxe5 33.Qxa5 Qd5+ 34.f3 
h5 35.Rc1 Bh6 36.Ra1 Kg7 37.Qc3+ e5 38.c6 Bf4 39.c7 g5 40.c8=Q g4 41.Q8c6 
Qd4 42.Qxd4 1-0

[Event "49th Bosna it"]
[Site "Sarajevo BIH"]
[Date "2019.04.28"]
[Round "2.34"]
[White "Strinic, Hamdija"]
[Black "Karaoglan, Kivanc"]
[Result "0-1"]
[WhiteElo "1751"]
[BlackElo "2001"]
[EventDate "2019.04.27"]
[PlyCount "60"]

1.d4 Nf6 2.c4 e6 3.Nc3 Bb4 4.a3 Bxc3+ 5.bxc3 O-O 6.Bg5 h6 7.Bh4 d6 8.Nf3 
Nbd7 9.Qc2 b6 10.e4 e5 11.Bd3 Qe7 12.O-O Re8 13.Rae1 c5 14.d5 Nf8 15.h3 
Ng6 16.Bg3 Nh5 17.Kh2 Nhf4 18.Ng1 h5 19.Bxf4 exf4 20.e5 Nxe5 21.Bf5 Qf6 
22.Bxc8 Raxc8 23.Re4 Re7 24.Rfe1 Rce8 25.f3 Nxc4 26.Rxe7 Rxe7 27.Rxe7 Qxe7
28.Qf5 Qe5 29.Qe4 Qxe4 30.fxe4 Nxa3 0-1

[Event "49th Bosna it"]
[Site "Sarajevo BIH"]
[Date "2019.04.28"]
[Round "2.35"]
[White "Radulov, Nevena"]
[Black "Kozarcanin, Sead"]
[Result "0-1"]
[WhiteElo "1704"]
[BlackElo "1976"]
[EventDate "2019.04.27"]
[PlyCount "46"]

1.c4 Nf6 2.Nc3 c5 3.Nf3 g6 4.g3 Nc6 5.Bg2 Bg7 6.O-O O-O 7.e4 d6 8.h3 Nh5 
9.Ne2 e5 10.d3 Nd4 11.Nfxd4 cxd4 12.f4 exf4 13.Bxf4 Nxf4 14.Nxf4 Be5 15.
Qd2 Qg5 16.Kh2 h5 17.Qf2 Rb8 18.h4 Qd8 19.Rac1 Bd7 20.Nd5 Qxh4+ 21.Kg1 
Bxg3 22.Ne7+ Kg7 23.Qxd4+ Be5 0-1

[Event "49th Bosna it"]
[Site "Sarajevo BIH"]
[Date "2019.04.28"]
[Round "2.36"]
[White "Bunjo, Adnan"]
[Black "Bavcic, Fuad"]
[Result "1/2-1/2"]
[WhiteElo "1974"]
[BlackElo "1681"]
[EventDate "2019.04.27"]
[PlyCount "110"]

1.e4 e6 2.d4 d5 3.exd5 exd5 4.Nf3 Bd6 5.Bd3 Ne7 6.O-O Bf5 7.Re1 Bxd3 8.
Qxd3 O-O 9.Bg5 f6 10.Bh4 c6 11.Nbd2 Na6 12.a3 Nc7 13.c4 Ng6 14.c5 Bf4 15.
Bg3 Qd7 16.b4 Rae8 17.Nf1 Rxe1 18.Rxe1 Re8 19.Ne3 Re7 20.a4 a6 21.Nf5 
Rxe1+ 22.Nxe1 Qe6 23.Kf1 Ne8 24.Nc2 Kf7 25.Nce3 Qe4 26.Qxe4 dxe4 27.d5 
cxd5 28.Nxd5 Bxg3 29.Nxg3 Ke6 30.Nb6 f5 31.Ne2 Ne5 32.f4 exf3 33.Nd4+ Kf6 
34.gxf3 g6 35.Nd5+ Kf7 36.b5 axb5 37.axb5 Nd3 38.c6 bxc6 39.bxc6 Nd6 40.
Nb6 Ne8 41.Nb5 Ne5 42.Nd4 Nc7 43.Nc8 Nc4 44.Kf2 f4 45.Na7 Ne5 46.Nc8 Ke8 
47.Nd6+ Ke7 48.Ne4 h6 49.h4 Ne6 50.Nxe6 Kxe6 51.c7 Kd7 52.Nc5+ Kxc7 53.
Ne6+ Kd6 54.Nxf4 g5 55.hxg5 hxg5 1/2-1/2

[Event "49th Bosna it"]
[Site "Sarajevo BIH"]
[Date "2019.04.28"]
[Round "2.37"]
[White "Hasanovic, Jakub"]
[Black "Selimovic, Amir"]
[Result "0-1"]
[WhiteElo "1682"]
[BlackElo "1972"]
[EventDate "2019.04.27"]
[PlyCount "70"]

1.d4 Nf6 2.c4 g6 3.Nc3 Bg7 4.g3 O-O 5.Bg2 d6 6.Nf3 c6 7.O-O Bg4 8.Ne1 Qc8 
9.f3 Bh3 10.e4 e5 11.d5 Bxg2 12.Kxg2 cxd5 13.cxd5 Na6 14.Nd3 Nd7 15.g4 
Ndc5 16.a3 Nxd3 17.Qxd3 Nc5 18.Qd1 f5 19.gxf5 gxf5 20.Re1 Rf6 21.Kh1 fxe4 
22.Nxe4 Nxe4 23.fxe4 Qh3 24.Qe2 Raf8 25.Be3 Qh4 26.Qd3 Rf3 27.Re2 Qh3 28.
Rg1 Rf2 29.Rxg7+ Kxg7 30.Rxf2 Rxf2 31.Bh6+ Qxh6 32.Qg3+ Qg6 33.Qxf2 Qxe4+ 
34.Qg2+ Qxg2+ 35.Kxg2 Kf6 0-1

[Event "49th Bosna it"]
[Site "Sarajevo BIH"]
[Date "2019.04.28"]
[Round "2.38"]
[White "Sabic, Muris"]
[Black "Zaloznik, Vesna"]
[Result "1-0"]
[WhiteElo "1963"]
[BlackElo "1556"]
[EventDate "2019.04.27"]
[PlyCount "55"]

1.e4 e5 2.Nf3 Nc6 3.Bb5 Bc5 4.c3 d6 5.O-O Bd7 6.d4 exd4 7.cxd4 Bb6 8.Nc3 
Nf6 9.Bg5 h6 10.Bxf6 Qxf6 11.e5 Qg6 12.exd6 Qxd6 13.Re1+ Ne7 14.Qe2 c6 15.
Bc4 Bd8 16.Ne4 Qc7 17.Ne5 O-O 18.Rac1 Be6 19.Bxe6 fxe6 20.Nc5 Qd6 21.Ned7 
Bc7 22.Qxe6+ Qxe6 23.Nxe6 Rfc8 24.Nxc7 Rxc7 25.Rxe7 Kh8 26.Rce1 Rd8 27.
Re8+ Rxe8 28.Rxe8+ 1-0

[Event "49th Bosna it"]
[Site "Sarajevo BIH"]
[Date "2019.04.28"]
[Round "2.39"]
[White "Smajic, Ervin"]
[Black "Zenelaj, Fisnik"]
[Result "0-1"]
[WhiteElo "1556"]
[BlackElo "1933"]
[EventDate "2019.04.27"]
[PlyCount "132"]

1.Nf3 Nf6 2.g3 d5 3.d4 e6 4.Bg2 Be7 5.O-O O-O 6.Bf4 Nbd7 7.Re1 c5 8.c3 Nh5
9.Bd2 Nhf6 10.Bg5 Ne4 11.Bxe7 Qxe7 12.Nfd2 f5 13.f3 Nxd2 14.Nxd2 cxd4 15.
cxd4 f4 16.e4 fxg3 17.hxg3 Qg5 18.exd5 exd5 19.Nf1 Nb6 20.Re5 Qg6 21.Qe1 
Bd7 22.Rc1 Bc6 23.b3 a6 24.Qb4 Nd7 25.Re7 Nf6 26.Rce1 Nh5 27.Kh2 Nf6 28.
Qd2 Rae8 29.R1e6 Bd7 30.Rxe8 Rxe8 31.Rxe8+ Qxe8 32.Qe3 Bb5 33.Qxe8+ Nxe8 
34.Ne3 Bc6 35.f4 Nc7 36.Bf1 Kf7 37.Bd3 g6 38.Kg2 h5 39.Be2 Kf6 40.Kf2 Ne6 
41.Nc2 h4 42.Bg4 hxg3+ 43.Kxg3 Nc7 44.Bc8 a5 45.a4 Ne8 46.Bg4 Nd6 47.Bf3 
b6 48.Kf2 Nf5 49.Bg4 Nd6 50.Bf3 b5 51.axb5 Nxb5 52.Be2 Nc7 53.Ke3 Bd7 54.
Ne1 Bf5 55.Bf3 Ke6 56.Be2 Be4 57.Bd3 Kf5 58.Bxe4+ dxe4 59.Ng2 Nd5+ 60.Kf2 
Nxf4 61.Ne3+ Ke6 62.Nc4 Kd5 63.Ke3 Ng2+ 64.Kf2 Nh4 65.Nxa5 Kxd4 66.b4 Kd3 
0-1

[Event "49th Bosna it"]
[Site "Sarajevo BIH"]
[Date "2019.04.28"]
[Round "2.40"]
[White "Dedic, Nedzad"]
[Black "Gazija, Tarik"]
[Result "1-0"]
[WhiteElo "1932"]
[BlackElo "1494"]
[EventDate "2019.04.27"]
[PlyCount "67"]

1.e4 e5 2.Bc4 Bc5 3.c3 Nc6 4.Nf3 d6 5.d3 Nf6 6.a4 a5 7.Bg5 h6 8.Bh4 Be6 9.
Bb5 O-O 10.O-O Qe7 11.d4 exd4 12.cxd4 Nxd4 13.Nxd4 c6 14.Nxe6 Qxe6 15.Bd3 
Bb4 16.Bxf6 Qxf6 17.Qc2 Rac8 18.Nc3 Qe5 19.g3 d5 20.f4 Qd6 21.exd5 cxd5 
22.Qe2 Qb6+ 23.Kg2 Rfe8 24.Qg4 Bxc3 25.bxc3 Rxc3 26.Rad1 d4 27.Qf5 g6 28.
Qb5 Qe6 29.f5 Qa2+ 30.Rf2 Qa3 31.Qxe8+ Kg7 32.f6+ Kh7 33.Qxf7+ Kh8 34.Qg7#
1-0

[Event "49th Bosna it"]
[Site "Sarajevo BIH"]
[Date "2019.04.28"]
[Round "2.41"]
[White "Vujicic, Dragisa"]
[Black "Mrkovic, Nikola"]
[Result "1-0"]
[WhiteElo "1922"]
[BlackElo "1448"]
[EventDate "2019.04.27"]
[PlyCount "33"]

1.Nf3 Nc6 2.d4 d5 3.c4 Bg4 4.Nc3 Bxf3 5.gxf3 dxc4 6.d5 Nb8 7.e4 c6 8.Bxc4 
Qc7 9.Qb3 Nf6 10.dxc6 Nxc6 11.Bxf7+ Kd8 12.Nb5 Qb6 13.Be3 Qa5+ 14.Bd2 Qb6 
15.Rd1 Nd7 16.Be6 Ke8 17.Bxd7+ 1-0

[Event "49th Bosna it"]
[Site "Sarajevo BIH"]
[Date "2019.04.28"]
[Round "2.42"]
[White "Fejzic, Danis"]
[Black "Zenelaj, Samuel"]
[Result "0-1"]
[WhiteElo "1539"]
[BlackElo "1916"]
[EventDate "2019.04.27"]
[PlyCount "72"]

1.e4 d6 2.d4 Nf6 3.Nc3 g6 4.Nf3 Bg7 5.Be3 Nbd7 6.Be2 O-O 7.O-O e5 8.d5 h6 
9.Qd2 Ng4 10.Ne1 Nxe3 11.Qxe3 f5 12.f3 f4 13.Qf2 Nf6 14.b4 g5 15.g4 fxg3 
16.hxg3 Bh3 17.Ng2 Ng4 18.fxg4 Rxf2 19.Rxf2 Bxg2 20.Kxg2 a5 21.b5 Qd7 22.
a4 Rf8 23.Rf5 Qe8 24.Raf1 Qa8 25.R1f3 Qa7 26.Bc4 Qd4 27.Bb3 Rxf5 28.gxf5 
Qd2+ 29.Kg1 Qe1+ 30.Kg2 g4 31.Rd3 b6 32.Bc4 Bf6 33.Bb3 h5 34.Kh2 h4 35.
gxh4 Qf2+ 36.Kh1 g3 0-1

[Event "49th Bosna it"]
[Site "Sarajevo BIH"]
[Date "2019.04.28"]
[Round "2.43"]
[White "Mujicic, Benjamin"]
[Black "Pistalovic, Slobodan"]
[Result "0-1"]
[WhiteElo "1488"]
[BlackElo "1865"]
[EventDate "2019.04.27"]
[PlyCount "68"]

1.Nf3 d5 2.d4 Nf6 3.c4 c6 4.Nc3 dxc4 5.e3 Bf5 6.Bxc4 e6 7.a4 Bb4 8.O-O O-O
9.Qb3 Qe7 10.Bd2 Nbd7 11.Ne4 Bxd2 12.Nxf6+ Nxf6 13.Nxd2 Rfd8 14.Rfe1 Bg6 
15.Nf3 Rac8 16.Ne5 Bf5 17.f3 c5 18.g4 Bg6 19.Nxg6 hxg6 20.dxc5 Qxc5 21.
Rac1 Qe7 22.Kg2 Rd2+ 23.Kg1 Qc7 24.f4 Qc6 25.Be2 Qxc1 26.Rxc1 Rxc1+ 27.Kf2
Nxg4+ 28.Kg3 Rg1+ 29.Kf3 Nxh2+ 30.Kf2 Rf1+ 31.Kg3 Rxe2 32.f5 Rf3+ 33.Kh4 
Rg2 34.fxg6 Rg4+ 0-1

[Event "49th Bosna it"]
[Site "Sarajevo BIH"]
[Date "2019.04.28"]
[Round "2.44"]
[White "Culum, Sanjin"]
[Black "Odzak, Tarik"]
[Result "1-0"]
[WhiteElo "1864"]
[BlackElo "1354"]
[EventDate "2019.04.27"]
[PlyCount "107"]

1.c4 f5 2.Nc3 e6 3.g3 Nf6 4.Bg2 Be7 5.d4 O-O 6.Nh3 c5 7.d5 exd5 8.cxd5 d6 
9.Nf4 Na6 10.Qb3 Qb6 11.O-O Nc7 12.Bd2 Bd7 13.Qc2 Nb5 14.e3 Ng4 15.a4 Nxc3
16.bxc3 Ne5 17.Rfb1 Qc7 18.e4 Rab8 19.Kh1 Ng4 20.Kg1 Ne5 21.h3 b6 22.Kh1 
Nc4 23.Bc1 Bg5 24.h4 Be7 25.exf5 Bxf5 26.Be4 Qd7 27.Kg2 Rbe8 28.Bxf5 Qxf5 
29.Qe2 Ne5 30.Ne6 Qf3+ 31.Qxf3 Rxf3 32.Be3 Rf7 33.a5 Nc4 34.axb6 axb6 35.
Ra4 Nxe3+ 36.fxe3 Rb8 37.c4 Rf5 38.Ra7 Bf6 39.e4 Re5 40.Kf3 Rxe6 41.dxe6 
Re8 42.Rxb6 h6 43.Rxd6 Kf8 44.Rf7+ Kg8 45.Kf4 Rxe6 46.Rxg7+ Kxg7 47.Rxe6 
Bd4 48.Kf5 Bf2 49.e5 Bxg3 50.Rg6+ Kh7 51.Rxg3 h5 52.e6 Kh6 53.e7 Kh7 54.
e8=R 1-0

[Event "49th Bosna it"]
[Site "Sarajevo BIH"]
[Date "2019.04.28"]
[Round "2.45"]
[White "Tutic, Amina"]
[Black "Muhibic, Cazim"]
[Result "0-1"]
[WhiteElo "1429"]
[BlackElo "1859"]
[EventDate "2019.04.27"]
[PlyCount "60"]

1.e4 g6 2.Nc3 Bg7 3.d4 d6 4.Nf3 Nf6 5.h3 c6 6.Bc4 b5 7.Bd3 Bb7 8.O-O O-O 
9.a3 a5 10.Be3 Nfd7 11.Qd2 Re8 12.b4 Na6 13.d5 axb4 14.axb4 cxd5 15.exd5 
Rc8 16.Bd4 Nxb4 17.Bxb5 Ne5 18.Nxe5 dxe5 19.Ne2 Nxc2 20.Bxe8 Nxd4 21.Nxd4 
exd4 22.Bb5 Qxd5 23.f3 Qxb5 24.Rab1 Qd5 25.Qb4 Ba8 26.Qxe7 d3 27.Qa3 Bf8 
28.Qb2 Bd6 29.Qd2 Rc2 30.Qe3 Bc5 0-1

[Event "49th Bosna it"]
[Site "Sarajevo BIH"]
[Date "2019.04.28"]
[Round "2.46"]
[White "Colpa, Husein"]
[Black "Hadziabdic, Nadja"]
[Result "1-0"]
[WhiteElo "1854"]
[BlackElo "1102"]
[EventDate "2019.04.27"]
[PlyCount "81"]

1.d4 Nf6 2.c4 g6 3.Nc3 Bg7 4.Nf3 d6 5.e4 O-O 6.h3 e5 7.dxe5 dxe5 8.Qc2 Nc6
9.Be3 Nd4 10.Qd1 Nxf3+ 11.Qxf3 Ne8 12.g4 Nd6 13.c5 Ne8 14.Rd1 Bd7 15.Bc4 
Qc8 16.Nd5 Qd8 17.h4 c6 18.Bg5 f6 19.Nxf6+ Kh8 20.Nxd7 Qa5+ 21.Qc3 Qxc3+ 
22.bxc3 Rf3 23.h5 gxh5 24.gxh5 Rxc3 25.Bb3 h6 26.Be3 Rd8 27.Ke2 Kh7 28.
Nf8+ Bxf8 29.Rxd8 Bxc5 30.Bd2 Rxb3 31.axb3 Nf6 32.f3 b5 33.Be3 Bxe3 34.
Kxe3 c5 35.Rd6 Ne8 36.Rd7+ Ng7 37.Rg1 Kg8 38.Rgxg7+ Kf8 39.Rxa7 c4 40.Rgb7
cxb3 41.Rb8# 1-0